000 00659nam a2200241 i 4500
001 C2-0317837
003 PPAK
005 20180728113910.0
008 120927s my a|||| ||||| | may d
020 _a9789673717927
040 _aPPAK
_beng
_cPPAK
_erda
082 0 4 _a428
_223
090 0 0 _a428
_bCAR
_dG
245 0 0 _aCara mudah fasih 16 tenses
264 1 _aKuala Lumpur :
_bSukses Media Akademia ,
300 _a104 pages :
_billustrations ;
_c23 cm.
336 _2rdacontent
_atext
337 _2rdamedia
_aunmediated
338 _2rdacarrier
_avolume
650 1 0 _aEnglish language - Usage
700 0 _aHassan Noor,
_eeditor
942 _ddc
_cB
999 _c118838
_d118838